Countries with age expectancy of 80 or over - Statistics

General Stats
  • This quiz has been taken 945 times
  • The average score is 26 of 32
Answer Stats
Country % Correct
Japan
97%
Norway
96%
Sweden
96%
Canada
94%
Finland
94%
Uk
94%
France
92%
Germany
92%
Italy
92%
Spain
92%
Australia
91%
Austria
88%
Netherlands
88%
New zealand
88%
Portugal
87%
Switzerland
87%
Belgium
86%
Iceland
85%
Ireland
84%
Luxembourg
84%
Greece
83%
South korea
81%
Monaco
79%
Andorra
78%
San marino
78%
Singapore
68%
Malta
66%
Slovenia
60%
Israel
57%
Cyprus
55%
Qatar
37%
Kuwait
29%
No matching quizzes found
Score Distribution
Percent of People with Each Score
Percentile by Number Answered
Your Score History
You have not taken this quiz